000 00362cam a22001217a 4500
008 180718b1986 xxu||||| |||| 00| 0 eng d
082 _aY74x5451 R18
100 _aRao, N. Subba
245 _aEconomics of fisheries: a case study of Andhra Pradesh
_cby N. Subba Rao
260 _aDelhi
_bDaya
_c1986
300 _a160p.
650 _aFishing industry - Andhra Pradesh
999 _c352346
_d352346